000
00281nam a22001217a 4500
003
OSt
005
20240626100750.0
008
240626b |||||||| |||| 00| 0 eng d
040
_b
Marati
_c
245
_a
Arthasadhana
_c
Sameer Nesrikar
_h
Marati
260
_c
2024
942
_2
ddc
_c
BK
_n
0
999
_c
36050
_d
36050